Home Print Resources E-Books E-Journals IIMT Lecture Series Library Membership Form Book Recommendation Form Campus Tour Take AdmissionAbout Us Contact Us

MANAGEMENT INFORMATION SYSTEM (Record no. 10584)

000 -LEADER
fixed length control field 00145nam a2200061Ia 4500
003 - CONTROL NUMBER IDENTIFIER
control field OSt
005 - DATE AND TIME OF LATEST TRANSACTION
control field 20230429061702.0
008 - FIXED-LENGTH DATA ELEMENTS--GENERAL INFORMATION
fixed length control field 170523s9999 xx 000 0 und d
040 ## - CATALOGING SOURCE
Transcribing agency IIMT UNIVERSITY MEERUT
100 ## - MAIN ENTRY--PERSONAL NAME
Personal name MEHTA VERSHA
245 #0 - TITLE STATEMENT
Title MANAGEMENT INFORMATION SYSTEM
260 ## - PUBLICATION, DISTRIBUTION, ETC.
Place of publication, distribution, etc. NEW DELHI
Name of publisher, distributor, etc. ANMOL
Date of publication, distribution, etc. 1998
300 ## - PHYSICAL DESCRIPTION
Extent 471
942 ## - ADDED ENTRY ELEMENTS (KOHA)
Source of classification or shelving scheme
Koha item type Book Bank
Holdings
Withdrawn status Lost status Source of classification or shelving scheme Damaged status Not for loan Home library Current library Date acquired Barcode Date last seen Uniform Resource Identifier Price effective from Koha item type
          IIMT University Central Library Meerut IIMT University Central Library Meerut 05/31/2017 01-B-98725 05/31/2017 INFORMATION SYSTEM 05/31/2017 Book Bank
IIMT, Central Library. All Rights Reserved IIMT,UNIVERSITY © 2023
Implemented and Customised by I CLOUDE EMS
You Are OPAC Visitor No
free web counter

Powered by Koha